000 00739pam a2200253 i 4500
001 2753518
003 OSt
005 20140310182053.0
008 790302s1979 cau 000 0aeng
010 _a 79010937
020 _a088316535X.
_a0883165368
040 _aDLC
_cDLC
_dDLC
050 0 0 _aRA 997.5.A7
_b.L34 1979
082 0 0 _aHS 362.611
_bL14 1979
100 1 _aLaird, Carobeth
_d1895-
_912257
245 1 0 _aLimbo /
_cCarobeth Laird.
260 _aNovato, Calif. :
_bChandler & Sharp,
_cc1979.
300 _a178 p. :
_c23 cm.
600 1 0 _aLaird, Carobeth,
_d1895-
_912258
650 0 _aNursing home patients
_zArizona
_xBiography.
_912259
906 _a7
_bcbc
_corignew
_d1
_eocip
_f19
_gy-gencatlg
942 _cHS
999 _c9044
_d9044